[Event "Oberfranken-ch op 0607"]
[Site "Schney"]
[Date "2007.01.04"]
[Round "6"]
[White "Buecker, Florian"]
[Black "Koestner, Tobias"]
[Result "1/2-1/2"]
[WhiteElo "1270"]
[BlackElo "1023"]
[PlyCount "114"]
[EventDate "2007.01.02"]
[EventType "swiss"]
[EventRounds "9"]
[EventCountry "GER"]
[SourceTitle "EXT 2024"]
[Source "ChessBase"]
[SourceDate "2023.10.10"]
[SourceVersion "1"]
[SourceVersionDate "2023.10.10"]
[SourceQuality "1"]

1. d4 g6 2. c4 Bg7 3. Nc3 d6 4. Bf4 Nc6 5. e3 Nf6 6. a3 0-0 7. Bd3 e5 8. dxe5 Nxe5 9. Bxe5 dxe5 10. Bc2 b6 11. Nf3 Bb7 12. e4 Nd7 13. 0-0 a5 14. Qe2 Qe7 15. Rfd1 Rfd8 16. Nd5 Bxd5 17. cxd5 Nc5 18. Qc4 Rd6 19. b4 Nb7 20. Ba4 c5 21. bxc5 Nxc5 22. Bc6 Rb8 23. Rdb1 f5 24. Nd2 Bh6 25. Nb3 Nxb3 26. Rxb3 fxe4 27. Qxe4 Qf6 28. Rab1 Rf8 29. f3 Qf4 30. Qxf4 Bxf4 31. Re1 Rb8 32. g3 Bg5 33. Rxe5 Bf6 34. Re6 Rxe6 35. dxe6 Kf8 36. Rd3 Ke7 37. Bd7 b5 38. Rb3 b4 39. axb4 Rxb4 40. Ra3 Bd4+ 41. Kg2 Bb6 42. h4 h5 43. Ra2 Rd4 44. Rb2 Rb4 45. Rc2 a4 46. Ra2 Bc5 47. Kh3 Rd4 48. Rxa4 Rxa4 49. Bxa4 Kxe6 50. Be8 Kf6 51. g4 hxg4+ 52. fxg4 Be3 53. Kg3 Bd2 54. Kf3 Bc1 55. Ke4 Bd2 56. Kd5 Be3 57. Kd6 Bc1 1/2-1/2